Statistics for Harry Potter Character by Clue

Click here to take the quiz!

General Stats

  • This quiz has been taken 133 times
  • The average score is 13 of 14

Answer Stats

House/SchoolClueCharacter% Correct
SlytherinBlond Bully Who Hates "The Golden TrioDraco Malfoy
100%
Gryffindor"The Boy Who Lived"Harry Potter
99%
DurmstrangFamous Quidditch Seeker for BulgariaViktor Krum
99%
GryffindorSmartest Witch of Her AgeHermione Granger
98%
HufflepuffTriwizard Champion from HogwartsCedric Diggory
97%
RavenclawThinks Nargles are RealLuna Lovegood
97%
GryffindorHarry's Redheaded Best FriendRon Weasley
97%
SlytherinPotions Master and Spy for the OrderSeverus Snape
96%
GryffindorHarry's GodfatherSirius Black
91%
HufflepuffMetamorphagus, Married to Remus LupinNymphadora Tonks
90%
GryffindorHarry Potter's SpouseGinny Weasley
88%
BeauxbatonsMarries Bill WeasleyFleur Delacour
87%
GryffindorHead of Gryffindor HouseMinerva McGonagall
87%
SlytherinHermione's TorturerBellatrix Lestrange
83%

Score Distribution

Percentile by Number Answered

Percent of People with Each Score

Your Score History

You have not taken this quiz